| 000 | 00417nam a22001697a 4500 | ||
|---|---|---|---|
| 005 | 20230804100919.0 | ||
| 008 | 230804b |||||||| |||| 00| 0 eng d | ||
| 020 | _a 9780134301853 | ||
| 082 |
_a004.1675 _bDRE-M |
||
| 100 | _aDreyer,Arek | ||
| 245 | _aManaging Apple Devices | ||
| 260 |
_aUSA _bPeachpit press _c2016 |
||
| 300 | _a728 pages | ||
| 500 | _aInclude Index | ||
| 650 | _aComputer Science | ||
| 999 |
_c33201 _d33201 |
||